Fez (Record no. 107809)

MARC details
000 -LEADER
campo de control de longitud fija 00424nam a2200145 4500
001 - NÚMERO DE CONTROL
campo de control 107809
003 - IDENTIFICADOR DE NÚMERO DE CONTROL
campo de control ES-MaACL
007 - CAMPO FIJO DE DESCRIPCIÓN FÍSICA--INFORMACIÓN GENERAL
campo de control de longitud fija t|
008 - DATOS DE LONGITUD FIJA--INFORMACIÓN GENERAL
campo de control de longitud fija 061121s1902 fr r ||||1| fre d
100 1# - ENTRADA PRINCIPAL--NOMBRE DE PERSONA
Nombre de persona Mouliéras, Auguste.
9 (RLIN) 83858
245 10 - MENCIÓN DEL TÍTULO
Título Fez
Resto del título : ouvrage illustré de 12 photographies /
Mención de responsabilidad, etc. Auguste Mouliéras.
260 ## - PUBLICACIÓN, DISTRIBUCIÓN, ETC.
Lugar de publicación, distribución, etc. París :
Nombre del editor, distribuidor, etc. [s.n],
Fecha de publicación, distribución, etc. 1902 (
Fabricante D. Heintz)
300 ## - DESCRIPCIÓN FÍSICA
Extensión 508 p. :
Otras características físicas il. ;
Dimensiones 19 cm.
852 ## - LOCALIZACIÓN
Ubicación ES-MaACL
Número de control de estantería C-594
Holdings
Estatus retirado Estado de pérdida Estado de daño No para préstamo Biblioteca de origen Biblioteca actual Ubicación en estantería Fecha de adquisición Fuente de adquisición Total de préstamos Signatura topográfica completa Código de barras Visto por última vez Precio de reemplazo Tipo de ítem Koha
        Biblioteca del Ateneo de Madrid Biblioteca del Ateneo de Madrid Sala Palomar 17/01/2008     C-594 1112513 23/02/2023 23/02/2023 Libro impreso